| 000 | 00472nam a22001817a 4500 | ||
|---|---|---|---|
| 005 | 20231115142244.0 | ||
| 008 | 231115b |||||||| |||| 00| 0 eng d | ||
| 020 | _a0821357492 | ||
| 022 | _a17292638 | ||
| 041 | _aEnglish | ||
| 082 | _a344.1 DOI | ||
| 100 | _lEnglish | ||
| 245 |
_aDoing Business in 2006 : _bCreating Jobs |
||
| 260 | _c2006 | ||
| 300 |
_b188 pages ; _c27,5 cm. |
||
| 650 |
_aLegal practice _bLaw |
||
| 942 |
_cBK _6ALISON_BN_VRIES |
||
| 999 |
_c693 _d693 |
||